000 00899nam a22002537a 4500
005 20091020121619.0
008 091020t xxu||||| |||| 00| 0 eng d
010 _aENG-95146
020 _a9780070144781
_c375.00
020 _a0070144788
_c375.00
035 _aEN-78679
037 _bDBAD/PUB
040 _aDPL
082 _a621.3192
100 _aGhosh, S.P.
245 _aNetwork analysis and synthesis /
_cby S.P. Ghosh, A. K. Chakraborty
260 _aNew Delhi
_bTata McGraw Hill Education
_c2010
270 _a7, West Patel Nagar
_bNew Delhi
_e110008
300 _axiii, 965 p.
_c24cm (Pbk)
500 _aIncludes index
700 _aChakraborty, A. K.
942 _2ddc
_cEN
_mGHO
_h621.3192
999 _c30970
_d30970